000 00424nam a2200157Ia 4500
003 GCL
008 140319s9999 xx 000 0 eng d
040 _aGCL /
_cGCL
082 0 4 _a005.73
_bK D
100 1 _aKING, TODD
245 1 0 _aDYNAMIC DATA STRUCTURES: THEORY AND APPLICATION /
_cKING, TODD
260 _a[S.N] :
_bACADEMIC PRESS LIMITED. ،
_c1992
300 _a299 P
650 0 4 _aDATA STRUCTURES
942 _2ddc
_cBK
999 _c24116
_d24116